00554nam a22001937a 450000500170000001000250001702000260004203500230006803700150009103700210010608200100012710000190013724500660015626000330022227000460025530000360030150000200033770000030035720110608103154.0 aENG-102708 B-461671 a9788174467485c295.00 aEN-86241 B-461671 bDBAD / PUB bVirtuous Pub/Ven a332.6 aSingh, Rohini  aSecurity analysis and portfolio management /cby Rohini Singh aNew Delhi bExcel Boksc2009 aA-45, Naraina phase-1bNew Delhi e110028 aviii,387 p. :c24cm (pbk) bill aIncludes index